000 01282nam a2200301 c 4500
003 BLK
005 20180422115556.0
008 180411b bul|||||r ||||||| ||bul||
010 _aKNG00197124000
040 _aBLK
041 _aBUL
_cBUL
080 _aБългарска литература
_b821.163.2
_x-94
_z821.163.2-94
100 1 _aТопенчаров, Владимир Евтимов
_eпърви автор
_9296614
700 1 _aЖелев, Стефан
_eред.
_9373411
700 1 _aНейков, Христо
_eхудож.
_9365109
139 _aТопенчаров, Владимир Евтимов
_bТ 74
245 1 0 _aКладенецът на спомените
_bМемоарна поредица в 5 кн.
_cВладимир Евтимов Топенчаров; ред. Стефан Желев; худож. Христо Нейков.
_nКн. 1.
_pИдеалът
257 _aBGR
260 София
_bПартиздат
_c1989
300 _c21 см
380 _aX
760 1 _aТопенчаров, Владимир Евтимов
_d1989
_h352 с. : с ил.
_n5410 тир.
_tКн. 1. Идеалът
852 _aЦб 160624
856 4 _qpdf
_u
856 4 _qpdf
_u
942 _cKNG
_n0
944 _aCR
_c01.12.2016
_kНора_Радева
944 _aED
_c01.12.2016
_kНора_Радева
999 _c188106
_d188106